Statistics for Every Golden Globe Nominee for Best Actress in a Comedy/Musical Film

Click here to take the quiz!

General Stats

  • This quiz has been taken 44 times
  • The average score is 204 of 359

Answer Stats

YearFilmActor% Correct
2023Poor ThingsEmma Stone
100%
2021CruellaEmma Stone
100%
2016La La LandEmma Stone
100%
2010Easy AEmma Stone
100%
2017Battle of the SexesEmma Stone
100%
2009DuplicityJulia Roberts
100%
1999Notting HillJulia Roberts
100%
1990Pretty WomanJulia Roberts
100%
1997My Best Friend's WeddingJulia Roberts
100%
2017I, TonyaMargot Robbie
100%
2023BarbieMargot Robbie
100%
2022BabylonMargot Robbie
100%
2006The Devil Wears PradaMeryl Streep
100%
2008Mamma Mia!Meryl Streep
100%
1992Death Becomes HerMeryl Streep
100%
2009It's ComplicatedMeryl Streep
100%
2009Julie & JuliaMeryl Streep
100%
1989She-DevilMeryl Streep
100%
2012Hope SpringsMeryl Streep
100%
2013August: Osage CountyMeryl Streep
100%
2016Florence Foster JenkinsMeryl Streep
100%
1990Postcards from the EdgeMeryl Streep
100%
2021Don't Look UpJennifer Lawrence
97%
2012Silver Linings PlaybookJennifer Lawrence
97%
2015JoyJennifer Lawrence
97%
2023No Hard FeelingsJennifer Lawrence
97%
2003Lost in TranslationScarlett Johansson
97%
1977Annie HallDiane Keaton
94%
1993Manhattan Murder MysteryDiane Keaton
94%
2003Something's Gotta GiveDiane Keaton
94%
1987Baby BoomDiane Keaton
94%
1995To Die ForNicole Kidman
94%
2001Moulin Rouge!Nicole Kidman
94%
1999ElectionReese Witherspoon
94%
2001Legally BlondeReese Witherspoon
94%
2005Walk the LineReese Witherspoon
94%
1999The MuseSharon Stone
94%
1961Breakfast at Tiffany'sAudrey Hepburn
92%
1967Two for the RoadAudrey Hepburn
92%
1957Love in the AfternoonAudrey Hepburn
92%
1964My Fair LadyAudrey Hepburn
92%
1963CharadeAudrey Hepburn
92%
1998Shakespeare in LoveGwyneth Paltrow
92%
1952Pat and MikeKatharine Hepburn
92%
2006Miss PotterRenée Zellweger
92%
2004Bridget Jones: The Edge of ReasonRenée Zellweger
92%
2001Bridget Jones's DiaryRenée Zellweger
92%
2000Nurse BettyRenée Zellweger
92%
2002ChicagoRenée Zellweger
92%
1983YentlBarbra Streisand
89%
1976A Star is BornBarbra Streisand
89%
1969Hello, Dolly!Barbra Streisand
89%
1968Funny GirlBarbra Streisand
89%
1975Funny LadyBarbra Streisand
89%
1970The Owl and the PussycatBarbra Streisand
89%
1996The Mirror Has Two FacesBarbra Streisand
89%
1998There's Something About MaryCameron Diaz
89%
1987MoonstruckCher
89%
1990GhostDemi Moore
89%
1999An Ideal HusbandJulianne Moore
89%
2010The Kids Are All RightJulianne Moore
89%
2014Maps to the StarsJulianne Moore
89%
2004Eternal Sunshine of the Spotless MindKate Winslet
89%
2011CarnageKate Winslet
89%
1975Lucky LadyLiza Minnelli
89%
1972CabaretLiza Minnelli
89%
1981ArthurLiza Minnelli
89%
1977New York, New YorkLiza Minnelli
89%
2000Miss CongenialitySandra Bullock
89%
1995While You Were SleepingSandra Bullock
89%
2009The ProposalSandra Bullock
89%
1961Pocketful of MiraclesBette Davis
86%
2012Salmon Fishing in the YemenEmily Blunt
86%
2014Into the WoodsEmily Blunt
86%
2018Mary Poppins ReturnsEmily Blunt
86%
2008Burn After ReadingFrances McDormand
86%
1996FargoFrances McDormand
86%
1994SpeechlessGeena Davis
86%
1992A League of Their OwnGeena Davis
86%
1994True LiesJamie Lee Curtis
86%
1988A Fish Called WandaJamie Lee Curtis
86%
2003Freaky FridayJamie Lee Curtis
86%
1966Any WednesdayJane Fonda
86%
1962Period of AdjustmentJane Fonda
86%
1965Cat BallouJane Fonda
86%
1959Some Like It HotMarilyn Monroe
86%
1956Bus StopMarilyn Monroe
86%
1993Sleepless in SeattleMeg Ryan
86%
1998You've Got MailMeg Ryan
86%
1989When Harry Met Sally...Meg Ryan
86%
1992Sister ActWhoopi Goldberg
86%
2007EnchantedAmy Adams
83%
2013American HustleAmy Adams
83%
2014Big EyesAmy Adams
83%
2005Mrs Henderson PresentsJudi Dench
83%
2017Victoria & AbdulJudi Dench
83%
2012The Best Exotic Marigold HotelJudi Dench
83%
1970Darling LiliJulie Andrews
83%
197910Julie Andrews
83%
1986That's Life!Julie Andrews
83%
1982Victor/VictoriaJulie Andrews
83%
1965The Sound of MusicJulie Andrews
83%
1967Thoroughly Modern MillieJulie Andrews
83%
1964Mary PoppinsJulie Andrews
83%
1968Star!Julie Andrews
83%
2022Everything Everywhere All at OnceMichelle Yeoh
83%
1985MaxieGlenn Close
81%
1996101 DalmatiansGlenn Close
81%
1997As Good as It GetsHelen Hunt
81%
1997Chasing AmyJoey Lauren Adams
81%
201620th Century WomenAnnette Bening
78%
1995The American PresidentAnnette Bening
78%
2010The Kids Are All RightAnnette Bening
78%
2004Being JuliaAnnette Bening
78%
2006Running with ScissorsAnnette Bening
78%
2007JunoElliot Page
78%
2018The FavouriteOlivia Colman
75%
2017Lady BirdSaoirse Ronan
75%
1991The Addams FamilyAnjelica Huston
72%
1993Addams Family ValuesAnjelica Huston
72%
2010Love & Other DrugsAnne Hathaway
72%
2007Sweeney Todd: The Demon Barber of Fleet StreetHelena Bonham Carter
72%
2005Pride & PrejudiceKeira Knightley
72%
1996EvitaMadonna
72%
1972Travels with My AuntMaggie Smith
72%
2015The Lady in the VanMaggie Smith
72%
1978California SuiteMaggie Smith
72%
2012QuartetMaggie Smith
72%
1986Crimes of the HeartSissy Spacek
72%
1980Coal Miner's DaughterSissy Spacek
72%
1988Bull DurhamSusan Sarandon
72%
1980Divine MadnessBette Midler
69%
1987Outrageous FortuneBette Midler
69%
1991For the BoysBette Midler
69%
1986Down and Out in Beverly HillsBette Midler
69%
1979The RoseBette Midler
69%
2002ChicagoCatherine Zeta-Jones
69%
1989Driving Miss DaisyJessica Tandy
69%
2011My Week with MarilynMichelle Williams
69%
2023May DecemberNatalie Portman
69%
1994JuniorEmma Thompson
67%
2019Late NightEmma Thompson
67%
2008Last Chance HarveyEmma Thompson
67%
2022Good Luck to You, Leo GrandeEmma Thompson
67%
1973A Touch of ClassGlenda Jackson
67%
1980Private BenjaminGoldie Hawn
67%
2002The Banger SistersGoldie Hawn
67%
1982Best FriendsGoldie Hawn
67%
1975ShampooGoldie Hawn
67%
1978Foul PlayGoldie Hawn
67%
1972Butterflies Are FreeGoldie Hawn
67%
1976The Duchess and the Dirtwater FoxGoldie Hawn
67%
1987Broadcast NewsHolly Hunter
67%
1963Come Blow Your HornJill St. John
67%
2020MusicKate Hudson
67%
1989The War of the RosesKathleen Turner
67%
1984Romancing the StoneKathleen Turner
67%
1985Prizzi's HonorKathleen Turner
67%
1986Peggy Sue Got MarriedKathleen Turner
67%
2011BridesmaidsKristen Wiig
67%
2015SpyMelissa McCarthy
67%
19809 to 5Dolly Parton
64%
1982The Best Little Whorehouse in TexasDolly Parton
64%
1976Freaky FridayJodie Foster
64%
2011CarnageJodie Foster
64%
2021AnnetteMarion Cotillard
64%
2009NineMarion Cotillard
64%
2007La Vie en RoseMarion Cotillard
64%
1977Smokey and the BanditSally Field
64%
1982Kiss Me GoodbyeSally Field
64%
1985Murphy's RomanceSally Field
64%
1993What's Love Got to Do with ItAngela Bassett
61%
2010The TouristAngelina Jolie
61%
2006DreamgirlsBeyoncé Knowles
61%
2017The Leisure SeekerHelen Mirren
61%
2003Calendar GirlsHelen Mirren
61%
2014The Hundred-Foot JourneyHelen Mirren
61%
1997SelenaJennifer Lopez
61%
1954A Star Is BornJudy Garland
58%
1986Something WildMelanie Griffith
58%
1988Working GirlMelanie Griffith
58%
1978GreaseOlivia Newton-John
58%
1992Used PeopleShirley MacLaine
58%
1960The ApartmentShirley MacLaine
58%
1967Woman Times SevenShirley MacLaine
58%
1966GambitShirley MacLaine
58%
1963Irma la DouceShirley MacLaine
58%
1979Being ThereShirley MacLaine
58%
1959Ask Any GirlShirley MacLaine
58%
1969Sweet CharityShirley MacLaine
58%
1990Green CardAndie MacDowell
56%
1994Four Weddings and a FuneralAndie MacDowell
56%
1967The GraduateAnne Bancroft
56%
1983To Be or Not to BeAnne Bancroft
56%
1984Garbo TalksAnne Bancroft
56%
2001BanditsCate Blanchett
56%
2019Where'd You Go, BernadetteCate Blanchett
56%
1991Fried Green TomatoesKathy Bates
56%
1994Guarding TessToni Collette
56%
2006Little Miss SunshineToni Collette
56%
1995Muriel's WeddingToni Collette
56%
2019Knives OutAna de Armas
53%
1959Pillow TalkDoris Day
53%
1958The Tunnel of LoveDoris Day
53%
1963Move Over, DarlingDoris Day
53%
1962Billy Rose's JumboDoris Day
53%
2000ChocolatJuliette Binoche
53%
1988Married to the MobMichelle Pfeiffer
53%
2020French ExitMichelle Pfeiffer
53%
1991Frankie and JohnnyMichelle Pfeiffer
53%
1965Inside Daisy CloverNatalie Wood
53%
1962GypsyNatalie Wood
53%
1964Marriage Italian StyleSophia Loren
53%
1960It Started in NaplesSophia Loren
53%
1987Dirty DancingJennifer Grey
50%
1973Paper MoonTatum O'Neal
50%
2015TrainwreckAmy Schumer
47%
1970Something for EveryoneAngela Lansbury
47%
1971Bedknobs and BroomsticksAngela Lansbury
47%
2011Young AdultCharlize Theron
47%
2018TullyCharlize Theron
47%
1962The Music ManShirley Jones
47%
2022The MenuAnya Taylor-Joy
44%
2020EmmaAnya Taylor-Joy
44%
1956The King and IDeborah Kerr
44%
2005The Family StoneSarah Jessica Parker
44%
2019The FarewellAwkwafina
42%
2003Under the Tuscan SunDiane Lane
42%
2013Frances HaGreta Gerwig
42%
1984Broadway Danny RoseMia Farrow
42%
1990AliceMia Farrow
42%
1985The Purple Rose of CairoMia Farrow
42%
1969John and MaryMia Farrow
42%
2020I Care a LotRosamund Pike
42%
1993Six Degrees of SeparationStockard Channing
42%
1974Young FrankensteinCloris Leachman
39%
1973Charley and the AngelCloris Leachman
39%
1961The Parent TrapHayley Mills
39%
1963Summer MagicHayley Mills
39%
1972Avanti!Juliet Mills
39%
1984All of MeLily Tomlin
39%
1977The Late ShowLily Tomlin
39%
2015GrandmaLily Tomlin
39%
1966Georgy GirlLynn Redgrave
39%
2002SecretaryMaggie Gyllenhaal
39%
1979Chapter TwoMarsha Mason
39%
1977The Goodbye GirlMarsha Mason
39%
1997Jackie BrownPam Grier
39%
1966Morgan!Vanessa Redgrave
39%
1995A Month by the LakeVanessa Redgrave
39%
1967CamelotVanessa Redgrave
39%
1952Monkey BusinessGinger Rogers
36%
2016Rules Don't ApplyLily Collins
36%
1989Shirley ValentinePauline Collins
36%
1975TommyAnn-Margret
33%
1963Bye Bye BirdieAnn-Margret
33%
1964The Unsinkable Molly BrownDebbie Reynolds
33%
1996MotherDebbie Reynolds
33%
1956Bundle of JoyDebbie Reynolds
33%
2023The Color PurpleFantasia Barrino
33%
1969Cactus FlowerIngrid Bergman
33%
1958IndiscreetIngrid Bergman
33%
1980FameIrene Cara
33%
1999TumbleweedsJanet McTeer
33%
1960Bells Are RingingJudy Holliday
33%
1950Born YesterdayJudy Holliday
33%
1956The Solid Gold CadillacJudy Holliday
33%
1983Educating RitaJulie Walters
33%
2021West Side StoryRachel Zegler
33%
1961A Majority of OneRosalind Russell
33%
1958Auntie MameRosalind Russell
33%
1962GypsyRosalind Russell
33%
1985Desperately Seeking SusanRosanna Arquette
33%
2018Eighth GradeElsie Fisher
31%
2013Before MidnightJulie Delpy
31%
2014AnnieQuvenzhané Wallis
31%
2021Licorice PizzaAlana Haim
28%
2019BooksmartBeanie Feldstein
28%
1981The Four SeasonsCarol Burnett
28%
1982AnnieCarol Burnett
28%
1972Pete 'n' TillieCarol Burnett
28%
1978Same Time, Next YearEllen Burstyn
28%
2004The Phantom of the OperaEmmy Rossum
28%
2005The Squid and the WhaleLaura Linney
28%
2022Mrs. Harris Goes to ParisLesley Manville
28%
1976The RitzRita Moreno
28%
2008Happy-Go-LuckySally Hawkins
28%
1976Freaky FridayBarbara Harris
25%
1965A Thousand ClownsBarbara Harris
25%
1976Family PlotBarbara Harris
25%
1981Pennies from HeavenBernadette Peters
25%
2000Saving GraceBrenda Blethyn
25%
2016The Edge of SeventeenHailee Steinfeld
25%
1958GigiLeslie Caron
25%
2020Borat Subsequent MoviefilmMaria Bakalova
25%
2007HairsprayNikki Blonsky
25%
1981Continental DivideBlair Brown
22%
1998The Opposite of SexChristina Ricci
22%
1983FlashdanceJennifer Beals
22%
2013Enough SaidJulia Louis-Dreyfus
22%
1975ShampooJulie Christie
22%
1968Yours, Mine and OursLucille Ball
22%
1960The Facts of LifeLucille Ball
22%
1974MameLucille Ball
22%
1992Enchanted AprilMiranda Richardson
22%
2002My Big Fat Greek WeddingNia Vardalos
22%
2008Vicky Christina BarcelonaRebecca Hall
22%
1971Harold and MaudeRuth Gordon
22%
2001Ghost WorldThora Birch
22%
1970Diary of a Mad HousewifeCarrie Snodgress
19%
2018Crazy Rich AsiansConstance Wu
19%
1974Herbie Rides AgainHelen Hayes
19%
1998Little VoiceJane Horrocks
19%
1958South PacificMitzi Gaynor
19%
1969The Secret of Santa VittoriaAnna Magnani
17%
2004De-LovelyAshley Judd
17%
1957Silk StockingsCyd Charisse
17%
1969Bob & Carol & Ted & AliceDyan Cannon
17%
1979Starting OverJill Clayburgh
17%
1981First Monday in OctoberJill Clayburgh
17%
1963A New Kind of LoveJoanne Woodward
17%
1968Finian's RainbowPetula Clark
17%
1970The Out-of-TownersSandy Dennis
17%
1952With a Song in My HeartSusan Hayward
17%
1982AnnieAileen Quinn
14%
1974ClaudineDiahann Carroll
14%
1959Porgy and BessDorothy Dandridge
14%
1971A New LeafElaine May
14%
1991SwitchEllen Barkin
14%
1983The Pirates of PenzanceLinda Ronstadt
14%
1974The Three MusketeersRaquel Welch
14%
1971The Boy FriendTwiggy
14%
1973Jesus Christ SuperstarYvonne Elliman
14%
2023Fallen LeavesAlma Pöysti
11%
1988Crossing DelanceyAmy Irving
11%
1953Call Me MadamEthel Merman
11%
1968Buona Sera, Mrs. CampbellGina Lollobrigida
11%
1978Who Is Killing the Great Chefs of Europe?Jacqueline Bisset
11%
197340 CaratsLiv Ullmann
11%
1964TopkapiMelina Mercouri
11%
1969Me, NataliePatty Duke
11%
1984Irreconcilable DifferencesShelley Long
11%
2000Small Time CrooksTracey Ullmann
11%
1966You're a Big Boy NowElizabeth Hartman
8%
1957This Could Be the NightJean Simmons
8%
1955Guys and DollsJean Simmons
8%
1957Les GirlsKay Kendall
8%
1959But Not for MeLilli Palmer
8%
1961Flower Drum SongMiyoshi Umeki
8%
1950Annie Get Your GunBetty Hutton
6%
1960Song Without EndCapucine
6%
1951Too Young to KissJune Allyson
6%
1969GenerationKim Darby
6%
1956The Teahouse of the August MoonMachiko Kyō
6%
1963Come Blow Your HornMolly Picon
6%
1965The Knack...and How to Get ItRita Tushingham
6%
1971Star Spangled GirlSandy Duncan
6%
1950LouisaSpring Byington
6%
1957Les GirlsTaina Elg
6%

Score Distribution

Percentile by Number Answered

Percent of People with Each Score

Your Score History

You have not taken this quiz